<?xml version="1.0" encoding="UTF-8"?>
<record
    xmlns:xsi="http://www.w3.org/2001/XMLSchema-instance"
    xsi:schemaLocation="http://www.loc.gov/MARC21/slim http://www.loc.gov/standards/marcxml/schema/MARC21slim.xsd"
    xmlns="http://www.loc.gov/MARC21/slim">

  <leader>00478    a2200169   4500</leader>
  <datafield tag="999" ind1=" " ind2=" ">
    <subfield code="c">480</subfield>
    <subfield code="d">480</subfield>
  </datafield>
  <controlfield tag="008">221025b           ||||| |||| 00| 0 eng d</controlfield>
  <datafield tag="020" ind1=" " ind2=" ">
    <subfield code="a">9789332902954</subfield>
  </datafield>
  <datafield tag="082" ind1="0" ind2="0">
    <subfield code="a">621.56</subfield>
    <subfield code="b">S871</subfield>
  </datafield>
  <datafield tag="100" ind1=" " ind2=" ">
    <subfield code="a">Stoecker, W. F.</subfield>
    <subfield code="9">5351</subfield>
  </datafield>
  <datafield tag="245" ind1=" " ind2=" ">
    <subfield code="a">Refrigeration and Air Conditioning /</subfield>
  </datafield>
  <datafield tag="250" ind1=" " ind2=" ">
    <subfield code="a">2nd ed.</subfield>
  </datafield>
  <datafield tag="260" ind1=" " ind2=" ">
    <subfield code="a">New Delhi:</subfield>
    <subfield code="b">McGraw-Hill,</subfield>
    <subfield code="c">2014.</subfield>
  </datafield>
  <datafield tag="300" ind1=" " ind2=" ">
    <subfield code="a">xvi, 443 p.</subfield>
  </datafield>
  <datafield tag="650" ind1=" " ind2="0">
    <subfield code="a">Air Conditioning</subfield>
  </datafield>
  <datafield tag="700" ind1=" " ind2=" ">
    <subfield code="9">5352</subfield>
    <subfield code="a">Jones, J. W. </subfield>
  </datafield>
  <datafield tag="942" ind1=" " ind2=" ">
    <subfield code="2">ddc</subfield>
    <subfield code="c">BK</subfield>
  </datafield>
  <datafield tag="952" ind1=" " ind2=" ">
    <subfield code="0">0</subfield>
    <subfield code="1">0</subfield>
    <subfield code="2">ddc</subfield>
    <subfield code="4">0</subfield>
    <subfield code="6">621_560000000000000_S871</subfield>
    <subfield code="7">0</subfield>
    <subfield code="9">1953</subfield>
    <subfield code="a">CL</subfield>
    <subfield code="b">CL</subfield>
    <subfield code="d">2017-03-24</subfield>
    <subfield code="e">Jyoti, the Book People</subfield>
    <subfield code="o">621.56 S871</subfield>
    <subfield code="p">12263</subfield>
    <subfield code="r">2019-09-30</subfield>
    <subfield code="y">BK</subfield>
  </datafield>
  <datafield tag="952" ind1=" " ind2=" ">
    <subfield code="0">0</subfield>
    <subfield code="1">0</subfield>
    <subfield code="2">ddc</subfield>
    <subfield code="4">0</subfield>
    <subfield code="6">621_560000000000000_S871</subfield>
    <subfield code="7">0</subfield>
    <subfield code="9">1954</subfield>
    <subfield code="a">CL</subfield>
    <subfield code="b">CL</subfield>
    <subfield code="d">2017-03-24</subfield>
    <subfield code="e">Jyoti, the Book People</subfield>
    <subfield code="l">1</subfield>
    <subfield code="o">621.56 S871</subfield>
    <subfield code="p">12264</subfield>
    <subfield code="r">2024-04-01</subfield>
    <subfield code="s">2024-03-22</subfield>
    <subfield code="y">BK</subfield>
  </datafield>
  <datafield tag="952" ind1=" " ind2=" ">
    <subfield code="0">0</subfield>
    <subfield code="1">0</subfield>
    <subfield code="2">ddc</subfield>
    <subfield code="4">0</subfield>
    <subfield code="6">621_560000000000000_S871</subfield>
    <subfield code="7">0</subfield>
    <subfield code="9">1955</subfield>
    <subfield code="a">CL</subfield>
    <subfield code="b">CL</subfield>
    <subfield code="d">2017-03-24</subfield>
    <subfield code="e">Jyoti, the Book People</subfield>
    <subfield code="l">2</subfield>
    <subfield code="o">621.56 S871</subfield>
    <subfield code="p">12265</subfield>
    <subfield code="q">2026-08-11</subfield>
    <subfield code="r">2026-02-12</subfield>
    <subfield code="s">2026-02-12</subfield>
    <subfield code="y">BK</subfield>
  </datafield>
  <datafield tag="952" ind1=" " ind2=" ">
    <subfield code="0">0</subfield>
    <subfield code="1">0</subfield>
    <subfield code="2">ddc</subfield>
    <subfield code="4">0</subfield>
    <subfield code="6">621_560000000000000_S871</subfield>
    <subfield code="7">0</subfield>
    <subfield code="9">1956</subfield>
    <subfield code="a">CL</subfield>
    <subfield code="b">CL</subfield>
    <subfield code="d">2017-03-24</subfield>
    <subfield code="e">Jyoti, the Book People</subfield>
    <subfield code="l">1</subfield>
    <subfield code="o">621.56 S871</subfield>
    <subfield code="p">12267</subfield>
    <subfield code="r">2023-05-23</subfield>
    <subfield code="s">2023-05-08</subfield>
    <subfield code="y">BK</subfield>
  </datafield>
  <datafield tag="952" ind1=" " ind2=" ">
    <subfield code="0">0</subfield>
    <subfield code="1">0</subfield>
    <subfield code="2">ddc</subfield>
    <subfield code="4">0</subfield>
    <subfield code="6">621_560000000000000_S871</subfield>
    <subfield code="7">0</subfield>
    <subfield code="9">1957</subfield>
    <subfield code="a">CL</subfield>
    <subfield code="b">CL</subfield>
    <subfield code="d">2017-03-24</subfield>
    <subfield code="e">Jyoti, the Book People</subfield>
    <subfield code="l">3</subfield>
    <subfield code="o">621.56 S871</subfield>
    <subfield code="p">12266</subfield>
    <subfield code="r">2025-06-24</subfield>
    <subfield code="s">2025-01-10</subfield>
    <subfield code="y">BK</subfield>
  </datafield>
</record>
